00000000nam 2200000za 4500
0019.816901
003CaOODSP
00520221107142343
007cr |||||||||||
008160504s2003    onc    #o    f000 0 eng d
040 |aCaOODSP|beng
043 |an-cn---
0861 |aXC67-1/1-372-2E-PDF
1101 |aCanada. |bParliament. |bHouse of Commons. |bStanding Committee on Human Resources Development and the Status of Persons with Disabilities.
24510|aTaking the necessary measures to enhance the integrity of the social insurance number |h[electronic resource] : |ba review of the action plan.
260 |a[Ottawa : |bHouse of Commons], |c2003.
300 |a18 p.
4901 |aReport of the Standing Committee on Human Resources, Skills and Social Development and the Status of Persons with Disabilities ; |v2nd report, 2nd session, 37th Parliament
500 |aIssued also in French under title: Prendre les mesures nécessaires pour assurer l'intégrité du numéro d'assurance sociale : examen du plan d'action.
500 |a"The Standing Committee on Human Resources Development and the Status of Persons with Disabilities has the honour to present its second report" --p.3.
500 |aCover title.
500 |a"Judy Longfield, M.P., Chair."
500 |a"February 2003."
69207|2gccst|aSocial insurance number
69207|2gccst|aData protection
77508|tPrendre les mesures nécessaires pour assurer l'intégrité du numéro d'assurance sociale |w(CaOODSP)9.816929
830#0|aReport of the Standing Committee on Human Resources, Skills Development, Social Development and the Status of Persons with Disabilities ;|v2nd report, 2nd session, 37th Parliament|w(CaOODSP)9.507000
85640|qPDF|s300 KB|uhttps://publications.gc.ca/collections/collection_2016/parl/xc67-1/XC67-1-1-372-2-eng.pdf